Revista de Biología Tropical (Registro nro. 17086)
[ vista simple ]
| 000 -CABECERA | |
|---|---|
| Campo de control | 00182as aa2200085a 44500 |
| 090 ## - CLASIFICACIÓN LOCAL | |
| Colección | SERIADAS |
| Consecutivo | 00129 |
| 041 0# - IDIOMA | |
| Código de idioma para texto/pista de sonido o título separado | |
| 245 10 - MENCION DE TITULO | |
| Título | Revista de Biología Tropical |
| 942 ## - ELEMENTOS ADICIONALES (KOHA) | |
| Tipo de ítem | Periodica o revista |
| Withdrawn status | Lost status | Damaged status | No para préstamo | Colección | Fecha publicación (Año) | Volumen revista | Número revista | Inventariado | Ubicación Permanente | Ubicación actual | Fecha de adquisición | Fuente de Valor | Total Checkouts | Número topográfico | Inventario / Código de Barras | Date last seen | Ejemplar | Price effective from | Forma de adquisición | Tipo de material |
|---|---|---|---|---|---|---|---|---|---|---|---|---|---|---|---|---|---|---|---|---|
| Hemeroteca | 2002 | 50 | 3-4 | Inventariado 2017 | Villa de Leyva | Villa de Leyva | 26/07/2005 | IDEAM | SERIADAS 00129 | 019523 | 25/03/2015 | 1 | 25/03/2015 | Periodica o revista | ||||||
| Hemeroteca | 1996 | 44 | 4 | Inventariado 2017 | Villa de Leyva | Villa de Leyva | 29/04/2002 | Desconocido | SERIADAS 00129 | 008948 | 25/03/2015 | 1 | 25/03/2015 | Periodica o revista | ||||||
| Hemeroteca | 1996 | 44 | Supp. | Inventariado 2017 | Villa de Leyva | Villa de Leyva | 29/04/2002 | Desconocido | SERIADAS 00129 | 008949 | 25/03/2015 | 1 | 25/03/2015 | Periodica o revista | ||||||
| Hemeroteca | 1996 | 44 | Suppl. 2 | Inventariado 2017 | Villa de Leyva | Villa de Leyva | 17/09/2007 | Ospina, Monica | SERIADAS 00129 | 025214 | 25/03/2015 | 1 | 25/03/2015 | Periodica o revista |